| 000 | 00880cam a22002411 4500 | ||
|---|---|---|---|
| 001 | sa 68006387 | ||
| 003 | DLC | ||
| 005 | 20260227112516.0 | ||
| 008 | 710915q19601968ii 00000 eng | ||
| 010 | _asa 68006387 //r873 | ||
| 025 | _aPL480:I-E-8560 | ||
| 043 | _aa-ii--- | ||
| 050 | 0 |
_aHJ4387.K5 _bA53 |
|
| 082 | 0 |
_a338.1/0954/13 _219 |
|
| 110 | 1 | 0 | _aKhandpara (Princely State) |
| 245 | 1 | 0 |
_aFinal report of the survey and settlement of Khandpara Feudatory State, Orissa, 1928-1931. _cSubmitted by Biswambhar Mahanti, offg. superintendent. |
| 260 | 0 |
_aBerhampur, Orissa, _bPrinted at Sarada Press _c[196-?] |
|
| 300 |
_avi, 76 p. _c33 cm. |
||
| 350 | _aRs1.27 | ||
| 650 | 0 |
_aLand value taxation _zIndia _zKhandpara (Princely State) |
|
| 650 | 0 |
_aLand tenure _zIndia _zKhandpara (Princely State) |
|
| 650 | 0 |
_aAgriculture _xEconomic aspects _zIndia _zKhandpara (Princely State) |
|
| 999 |
_c81296 _d81296 |
||